Hearts of Iron 4 Unique Focus Trees - Statistics

General Stats
  • This quiz has been taken 752 times
    65 since last reset
  • The average score is 53 of 75
Answer Stats
DLC Continent Country % Correct
Trial of Allegiance South America Brazil
98%
Trial of Allegiance South America Argentina
96%
Base game North America Canada
96%
Base game/Götterdämmerung Europe Germany
96%
Base game/No Compromise, No Surrender Asia China
94%
By Blood Alone Africa Ethiopia
94%
Base game Oceania Australia
92%
Base game/By Blood Alone Europe Italy
92%
Base game/No Compromise, No Surrender Asia Japan
92%
Arms Against Tyranny Europe Norway
92%
Base game/No Step Back Europe Soviet Union
92%
Arms Against Tyranny Europe Sweden
92%
Base game North America United States
92%
Graveyard of Empires Asia Afghanistan
91%
Götterdämmerung Europe Belgium
91%
Base game/Graveyard of Empires Asia British Raj
91%
Arms Against Tyranny Europe Finland
91%
Graveyard of Empires Asia Iran
91%
Battle for the Bosporus Asia Turkey
91%
La Résistance Europe Nationalist Spain
89%
La Résistance Europe Republican Spain
89%
Base game Europe United Kingdom
89%
Götterdämmerung Europe Austria
87%
Battle for the Bosporus Europe Bulgaria
87%
Base game/La Résistance Europe France
87%
La Résistance Europe Free France
87%
Base game Europe Romania
87%
La Résistance Europe Vichy France
87%
Base game Europe Yugoslavia
87%
Trial of Allegiance South America Chile
85%
Arms Against Tyranny Europe Denmark
85%
No Step Back Euope Estonia
85%
Base game Europe Poland
85%
La Résistance Europe Portugal
85%
Base game Africa South Africa
85%
Base game/Götterdämmerung Europe Hungary
83%
Graveyard of Empires Asia Iraq
83%
No Step Back Europe Latvia
83%
Battle for the Bosporus Europe Greece
81%
No Step Back Europe Lithuania
81%
Base game North America Mexico
81%
No Compromise, No Surrender Asia Gansu Ma
79%
No Compromise, No Surrender Asia Ningxia Ma
79%
No Compromise, No Surrender Asia Qinghai Ma
79%
No Compromise, No Surrender Asia Khotan Ma
77%
Base game Europe Netherlands
77%
Base game Asia Xibei San Ma
77%
Base game/No Compromise, No Surrender Asia Communist China
75%
Base game Europe Czechoslovakia
75%
Base game Oceania New Zealand
75%
By Blood Alone Europe Switzerland
75%
Götterdämmerung Africa Belgian Congo
74%
By Blood Alone Africa Aussa
68%
Base game/No Compromise, No Surrender Asia Sinkiang
66%
Trial of Allegiance South America Uruguay
64%
Trial of Allegiance South America Paraguay
62%
Base game/No Compromise, No Surrender Asia Manchukuo
58%
Arms Against Tyranny Europe Iceland
57%
Base game/No Compromise, No Surrender Asia Yunnan
57%
No Compromise, No Surrender Asia Philippines
49%
Base game/No Compromise, No Surrender Asia Guangxi Clique
45%
Base game/No Compromise, No Surrender Asia Shanxi
45%
No Compromise, No Surrender Asia Guangdong Clique
36%
No Compromise, No Surrender Asia Shandong Clique
28%
No Compromise, No Surrender Asia Sichuan Clique
28%
No Compromise, No Surrender Asia Hebei-Chahar
26%
No Compromise, No Surrender Asia Northeastern Army
19%
By Blood Alone Africa Harar
15%
By Blood Alone Africa Oromia
13%
By Blood Alone Africa Tigray
13%
By Blood Alone Africa Sidamo
11%
No Compromise, No Surrender Asia Kumul Khanate
9%
By Blood Alone Africa Gambela
8%
By Blood Alone Africa Qemant State
8%
By Blood Alone Africa Benishangul-Gumuz Nation
6%
No matching quizzes found
Score Distribution
Percent of People with Each Score
Percentile by Number Answered
Your Score History
You have not taken this quiz since the last reset